Quiz sul Niger - Statistics

Statistiche generali
  • Questo quiz è stato fatto 414 volte
  • Il punteggio medio è 12 su 16
Statistiche sulle risposte
Hint Risposta % Corretto
Grande fiume che attraversa quella città Niger
99%
Il paese più popoloso con cui confina con il Niger Nigeria
98%
Grande deserto che copre l'80% del Niger Sahara
97%
Il paese più grande che confina con il Niger Algeria
94%
Lingua ufficiale Francese
93%
Paese asiatico la cui bandiera è simile a quella del Niger India
85%
La donna nigerina ne ha 6,9 di media, il tasso più alto al mondo Figli
81%
Capitale Niamey
81%
Elemento radiattivo che rappresenta il 91% delle esportazioni del Niger Uranio
80%
Percentuale arrotondata dei nigerini islamici 99%
78%
Lago grande, ma poco profondo, che il Niger condivide con altri tre paesi Lago {Ciad}
76%
Settore dell'economia in cui opera l'82% dei nigerini Agricoltura
75%
Valuta Niger condivide con altri sette paesi {Franco} CFA
70%
Zona semi-arida che attraversa gran parte del Niger meridionale Sahel
55%
Gruppo etnico più diffuso H{ausa}
35%
Impero che governava la regione tra il 1464 e il 1591 {Song}hai
29%
Nessun quiz corrispondente trovato
Distribuzione punteggi
Percentuale di utenti per punteggio
Percentile per numero di risposta
I tuoi punteggi nel tempo
Non hai fatto questo quiz